| 000 | 00532nam 22001813 4500 | ||
|---|---|---|---|
| 001 | 32725 | ||
| 010 | _a7-5029-3918-0/P.1390 | ||
| 090 | _a32725 | ||
| 100 | _a20260416d u||y0pory50 ba | ||
| 101 | _aeng | ||
| 200 |
_aAsia Summer Monsoon and Mesoscale Numerical Simulation _fMacao Meteorological and Geophysical Bureau, ed. |
||
| 210 |
_aChina _cChina Meteorological Press _d2004 |
||
| 215 |
_a291 p. _d26 cm. |
||
| 225 |
_aMMGB Collected Papers _hVol. 1 |
||
| 317 | _5IM | ||
| 606 |
_xPrevisão Numérica _923786 |
||
| 801 | _gISBD | ||
| 942 | _n0 | ||